Normal view MARC view

Entry Personal Name

Number of records used in: 2

001 - CONTROL NUMBER

  • control field: 83510

003 - CONTROL NUMBER IDENTIFIER

  • control field: dpl

005 - DATE AND TIME OF LATEST TRANSACTION

  • control field: 20250730152522.0

008 - FIXED-LENGTH DATA ELEMENTS

  • fixed length control field: 250730|| aca||aabn | a|a d

040 ## - CATALOGING SOURCE

  • Original cataloging agency: dpl
  • Transcribing agency: dpl

100 ## - HEADING--PERSONAL NAME

  • Personal name: चक्रवर्ती सुधांशु कुमार

670 ## - SOURCE DATA FOUND

  • Source citation: Work cat.: (dpl)212734: चक्रवर्ती सुधांशु कुमार, स्कूल ऑफ़ जनर्लिज्म / , 2023

© Delhi Public Library
Hit Counter
free hit counter